00283 a2200109 4500001000700000020000600007040001100013100002300024240006100047245005600108362000900164166898 a  cMagnum aKaufman, Ana Maria10aAlfabetizacao de criancas: construcao e intercambiolpor10aAlfabetizacao de criancas: construcao e intercambio0 a1899